000 00625nam a22002297a 4500
005 20170124110147.0
010 _a092159
020 _c00.00
035 _a092159
037 _bCen Lib/Ret
040 _aDPL
_bEN
082 _a623.451
_bROS
100 _aRosen, Milton W.
_933540
245 _aThe Viking rocket story /
_cby Milton W Rosen
260 _bFaber and Faber
_aLondon
270 _bLondon
_a24 Russell Square
300 _a248p.
_c20cm(Hb)
500 _aIncludes index
650 _aViking rockets
_933541
650 _aRockets (Aeronautics)
_933542
942 _2ddc
_cEN
_h623.451
_mROS
999 _c132041
_d132041